Az érzékelést (észlelést) jelentő erza-mordvin igék

Die Verben der Sinneswahrnehmung können als universale Kategorie gelten, da es sie in allen Sprachen gibt: der Mensch kann hören, sehen, riechen und besitzt auch einen Geschmacks- und Tastsinn. Im Aufsatz habe ich die fünf Verben der Sinneswahrnehmung des ErzaMordwinischen aus dem Gesichtspunkt unte...

Teljes leírás

Elmentve itt :
Bibliográfiai részletek
Szerző: Hevér Krisztina
Dokumentumtípus: Cikk
Megjelent: 2000
Sorozat:Acta Universitatis Szegediensis : sectio ethnographica et linguistica = néprajz és nyelvtudomány = étnografiâ i azykoznanie = Volkskunde und Sprachwissenschaft 40
Kulcsszavak:Erza-mordvin nyelv - ige
Tárgyszavak:
Online Access:http://acta.bibl.u-szeged.hu/3848
LEADER 02016nab a2200229 i 4500
001 acta3848
005 20220915134051.0
008 161015s2000 hu o 0|| hun d
022 |a 0586-3716 
040 |a SZTE Egyetemi Kiadványok Repozitórium  |b hun 
041 |a hun 
041 |a ger 
100 1 |a Hevér Krisztina 
245 1 3 |a Az érzékelést (észlelést) jelentő erza-mordvin igék  |h [elektronikus dokumentum] /  |c  Hevér Krisztina 
260 |c 2000 
300 |a 103-112 
490 0 |a Acta Universitatis Szegediensis : sectio ethnographica et linguistica = néprajz és nyelvtudomány = étnografiâ i azykoznanie = Volkskunde und Sprachwissenschaft  |v 40 
520 3 |a Die Verben der Sinneswahrnehmung können als universale Kategorie gelten, da es sie in allen Sprachen gibt: der Mensch kann hören, sehen, riechen und besitzt auch einen Geschmacks- und Tastsinn. Im Aufsatz habe ich die fünf Verben der Sinneswahrnehmung des ErzaMordwinischen aus dem Gesichtspunkt untersucht, welche Verbsynonympaare zur Bezeichnung statischer bzw. dynamischer Geschehensinhalte verwendet werden. Im System der Dichotomie statisch-dynamisch gibt es Unterschiede in der Rektionsstruktur der Verbpaare. Im ersten Teil des Aufsatzes werden die Verben mit statischer bzw. dynamischer Bedeutung in Bezug auf die fünf Sinnesorgane behandelt; danach folgt eine Erklärung des Zusammenhanges zwischen Rektionsstruktur und Bedeutung, im Anhang wird eine - auf eigenem Forschungen beruhende - Rektionsliste erzamordwinischer Verben angeführt. v Ziel der vorliegenden Arbeit war es — durch die parallele Behandlung des grammatischen Verhaltens und der semantischen Funktion der synonymen Verbkonstruktionen -, die rektionsstrukturellen Unterschiede der untersuchten Verben auf Grund ihres aspektualen Verhaltens zu beschreiben. 
650 4 |a Bölcsészettudományok 
650 4 |a Nyelvek és irodalom 
695 |a Erza-mordvin nyelv - ige 
856 4 0 |u http://acta.bibl.u-szeged.hu/3848/1/etno_lingu_040_103-112.pdf  |z Dokumentum-elérés